Skip to main content
Your cart is empty.
Your lists
Log in to create your own lists
Your cookies
العربية
English
العربية
Home
Search
Advanced search
Authority search
About
The noble scholar, jurist, historian
His Excellency Dr. Abdul Wahhab bin Ibrahim Abu Sulaiman, may Allah have mercy on him.
He was born in Umm Al-Qura in the year 1356 AH.
Library catalog
Title
Author
Subject
ISBN
ISSN
Series
Call number
Log in to your account
×
Login:
Password:
Home
MARC view: فهرست الكتب العربية المحفوظة بالكتبخانة الخديوية /
Normal view
MARC view
ISBD view
فهرست الكتب العربية المحفوظة بالكتبخانة الخديوية / (Record no. 14349)
[
view plain
]
MARC details
000 -LEADER
fixed length control field
01092cam a2200253 i 4500
003 - CONTROL NUMBER IDENTIFIER
control field
SA-RiAUC
005 - DATE AND TIME OF LATEST TRANSACTION
control field
20260215142706.0
008 - FIXED-LENGTH DATA ELEMENTS--GENERAL INFORMATION
fixed length control field
260131s1888 ua g c 000r0 ara c
040 ## - CATALOGING SOURCE
Original cataloging agency
SA-RiAUC
Language of cataloging
ara
Transcribing agency
SA-RiAUC
Description conventions
rda
082 04 - DEWEY DECIMAL CLASSIFICATION NUMBER
Classification number
017.100962
090 ## - LOCALLY ASSIGNED LC-TYPE CALL NUMBER (OCLC); LOCAL CALL NUMBER (RLIN)
Classification number (OCLC) (R) ; Classification number, CALL (RLIN) (NR)
م ن 017.100962
Local cutter number (OCLC) ; Book number/undivided call number, CALL (RLIN)
م ي هـ
100 1# - MAIN ENTRY--PERSONAL NAME
Personal name
الميهي، أحمد.
Relator term
مؤلف.
245 10 - TITLE STATEMENT
Title
فهرست الكتب العربية المحفوظة بالكتبخانة الخديوية /
Statement of responsibility, etc.
أحمد الميهي، محمد الببلاوي.
250 ## - EDITION STATEMENT
Edition statement
الطبعة الأولى.
264 #1 - PRODUCTION, PUBLICATION, DISTRIBUTION, MANUFACTURE, AND COPYRIGHT NOTICE
Place of production, publication, distribution, manufacture
القاهرة :
Name of producer, publisher, distributor, manufacturer
المطبعة العثمانية المصرية،
Date of production, publication, distribution, manufacture, or copyright notice
[1888]
300 ## - PHYSICAL DESCRIPTION
Extent
مجلد ؛
Dimensions
24 سم
336 ## - CONTENT TYPE
Content type term
نص
Content type code
txt
Source
rdacontent
Materials specified
كتاب
337 ## - MEDIA TYPE
Media type term
بدون وسيط
Media type code
n
Source
rdamedia
338 ## - CARRIER TYPE
Carrier type term
مجلد
Carrier type code
nc
Source
rdacarrier
610 27 - SUBJECT ADDED ENTRY--CORPORATE NAME
Corporate name or jurisdiction name as entry element
الكتبخانة الخديوية المصرية
General subdivision
مخطوطات
Form subdivision
فهارس
Source of heading or term
aucnm
700 1# - ADDED ENTRY--PERSONAL NAME
Personal name
الببلاوي، محمد بن علي بن أحمد،
Dates associated with a name
1251-1323 هجري
Relator term
مؤلف.
942 ## - ADDED ENTRY ELEMENTS (KOHA)
Source of classification or shelving scheme
Dewey Decimal Classification
Koha item type
كتاب مصور نادر
Suppress in OPAC
No
949 ## - LOCAL PROCESSING INFORMATION (OCLC)
a
SA-JeALM
d
260131
u
mohamedma123
n
1
Holdings
Withdrawn status
Lost status
Source of classification or shelving scheme
Materials specified (bound volume or other part)
Damaged status
Not for loan
Home library
Current library
Date acquired
Total checkouts
Full call number
Barcode
Date last seen
Price effective from
Koha item type
Dewey Decimal Classification
الجزء الثالث
DR AbdElwahab Library
DR AbdElwahab Library
02/15/2026
م ن 017.100962 م ي هـ
000022765
02/15/2026
02/15/2026
كتاب مصور نادر
Place hold
Print
Add to your cart
(remove)
Save record
BIBTEX
Dublin Core
MARCXML
MARC (non-Unicode/MARC-8)
MARC (Unicode/UTF-8)
MARC (Unicode/UTF-8, Standard)
MODS (XML)
RIS
ISBD
More searches
Search for this title in:
Other Libraries (WorldCat)
Other Databases (Google Scholar)
Online Stores (Bookfinder.com)
Open Library (openlibrary.org)
Exporting to Dublin Core...
×
Simple DC-RDF
OAI-DC
SRW-DC